| 000 | 00847cab a2200253 4500 | ||
|---|---|---|---|
| 001 | ABS58392 | ||
| 008 | 090401t1998 xxu||||| |||| 00| 0 eng d | ||
| 035 | _a(Sirsi) u84949 | ||
| 041 | _aeng | ||
| 100 | _aAlderson, F. | ||
| 245 | _aSet off to discover ins and outs of abatement | ||
| 260 | _c1998 | ||
| 350 | _a0 | ||
| 490 |
_aConstruction News _v(6556) 12 March 1998, 28(1) |
||
| 520 | _aExplains the subject of abatement in contract payment disputes and considers how it can be used by clients when work has not been `properly` carried out. | ||
| 650 | _aABATEMENT | ||
| 650 | _aBREACH OF CONTRACT | ||
| 650 | _aBUILT ENVIRONMENT-BUILDING CONTRACT FORMS | ||
| 650 | _aMELLOWES ARCHITAL LTD V BELL PROJECTS LTD | ||
| 650 | _aPAYMENT | ||
| 690 | _aBUILT ENVIRONMENT-BUILDING CONTRACT FORMS | ||
| 942 | _n0 | ||
| 948 | _c17/03/1998 | ||
| 999 |
_c53409 _d53409 |
||